UK Chart Number 1s - Statistics

General Stats
  • This quiz has been taken 10 times
  • The average score is 20 of 25
Answer Stats
Year Number 1 Song Artist % Correct
1978 Wuthering Heights Kate Bush
100%
1983 Billie Jean Michael Jackson
100%
1975 Bohemian Rhapsody Queen
100%
1987 I Wanna Dance With Somebody Whitney Houston
100%
1979 Tragedy Bee Gees
89%
2017 Shape of You Ed Sheeran
89%
2009 Poker Face Lady Gaga
89%
1978 Do Ya Think I'm Sexy Rod Stewart
89%
1966 Paint it Black Rolling Stones
89%
1996 Wannabe Spice Girls
89%
1984 I Just Called to Say I Love You Stevie Wonder
89%
1963 She Loves You The Beatles
89%
1964 You Really Got Me The Kinks
89%
1999 Baby 1 More Time Britney Spears
78%
1976 If You Leave Me Now Chicago
78%
1977 I Feel Love Donna Summer
78%
1982 House of Fun Madness
78%
1985 Into the Groove Madonna
78%
1996 Don't Look Back in Anger Oasis
78%
2025 The Fate of Ophelia Taylor Swift
78%
1965 It's Not Unusual Tom Jones
78%
1984 The Power of Love Frankie Goes to Hollywood
67%
1979 We Don't Talk Anymore Cliff Richard
44%
2023 What Was I Made For Billie Eilish
33%
1984 I Feel For You Chaka Khan
33%
No matching quizzes found
Score Distribution
Percent of People with Each Score
Percentile by Number Answered
Your Score History
You have not taken this quiz